LEADER 01381nam a2200277 u 4500 001 000000072708 003 CaOOAMICUS 005 20080221100750.0 008 020620s1969 gw u000 u ger u 035 $a10934169 040 $aPUL(R)$bita 100 1 $aPlessner, Helmuth,$d1892-1985.$0(OLS)http://pul/name/48106 245 14$aDie verspätete Nation :$büber die politische Verführbarkeit bürgerlichen Geistes /$cvon Dr. Helmut Plessner. 250 $a5. Aufl. 260 $aStuttgart :$bW. Kohlhammer,$c1969. 300 $a174 p. ;$c23 cm. 490 1 $aGeschichte und Gegenwart 650 4$aPolitica e cultura.$0(OLS)http://pul/subject/8111 651 4$aGermania$xPolitica e governo$ySec. XIX-XX.$0(OLS)http://pul/subject/25129 830 0$aGeschichte und Gegenwart.$0(OLS)http://pul/title/91547 850 $aPUL 852 $aPUL$W1$xDP1 Cons. Gen., Altre Classi 1$y22$m841 G 35$j94060$nBK-PRI$b $qStampati$B94060$CPULBib$Z2$F94060 $H64473 $81 852 $aPUL$W1$xDP1 Cons. Gen., Altre Classi 1$y22$m841 G 64$j125923$nBK-PRI$ac. 2$qStampati$B124651$CPULBib$Z2$F124651 $H64233 $82 941 1 $a8 996 $6245$aDie verspätete Nation :$büber die politische Verführbarkeit bürgerlichen Geistes$9(OLS)http://pul/title/95625 996 $6260$aStuttgart :$bW. Kohlhammer$9(OLS)http://pul/publisher/48214 LEADER 01371nam a2200313 u 4500 001 000000080260 003 CaOOAMICUS 005 20070226123628.0 008 040707s1990 gw u000 u ger u 020 $a3791712578 035 $a11003364 040 $aPUL$bita 130 0 $aBiblia.$pN.T.$pEpistolae.$kGruppi scelte.$lTedesco.$0(OLS)http://pul/title/103977 245 14$aDer Erste und Zweite Petrusbrief, Der Judasbrief /$cübersetzt und erklärt von Otto Knoch. 260 $aRegensburg :$bPustet,$cc1990. 300 $a333 p. ;$c23 cm 490 1 $aRegensburger Neues Testament 500 $aIndici in appendice. 504 $aBibliografia : p. [31]-36. 630 04$aBiblia.$pN.T.$pIudae epistola$xCommenti.$0(OLS)http://pul/subject/37643 630 04$aBiblia.$pN.T.$pPetri I-II$xCommenti.$0(OLS)http://pul/subject/10029 700 1 $aKnoch, Otto.$0(OLS)http://pul/name/25304 830 0$aRegensburger Neues Testament.$0(OLS)http://pul/title/18282 850 $aPUL 852 $aPUL$W1$xSL Religione 1$y3$m5 T 13$j102524$nBK-PRI$b $qStampati$B102524$CPULBib$Z2$F102524 $HPUL95654 $81 941 1 $a8 996 $6020$a3791712578$9(OLS)http://pul/number/106023 996 $6245$aDer Erste und Zweite Petrusbrief, Der Judasbrief$9(OLS)http://pul/title/105126 996 $6260$aRegensburg :$bPustet$9(OLS)http://pul/publisher/61617